|
|
|
|
| LEADER |
00000nas a2200000 i 4500 |
| 001 |
ssj0000394492 |
| 003 |
WaSeSS |
| 005 |
20200512172242.0 |
| 006 |
m d |
| 007 |
cr n |
| 008 |
070202c20049999bl br p s 0 0por c |
| 010 |
|
|
|a 2014234989
|
| 022 |
|
|
|a 1807-734X
|l 1807-734X
|
| 035 |
|
|
|a (WaSeSS)ssj0000394492
|
| 040 |
|
|
|a DKU
|b eng
|c DKU
|d OCLCQ
|d CUS
|d OCLCQ
|d GPM
|d OCLCF
|d HLS
|d OCLCO
|d OCLCQ
|d CUS
|d OCLCQ
|d OCLCA
|d VT2
|d WaSeSS
|
| 042 |
|
|
|a pcc
|
| 043 |
|
|
|a s-bl---
|
| 050 |
|
4 |
|a HF6Db.B786
|
| 130 |
0 |
|
|a Brazilian business review.
|l Portuguese.
|
| 222 |
|
0 |
|a BBR. Brazilian Business Review
|b (Edição em português. Online)
|
| 245 |
1 |
0 |
|a Brazilian business review
|h [electronic resource].
|
| 246 |
1 |
|
|a BBR
|
| 250 |
|
|
|a [Portuguese edition].
|
| 260 |
|
|
|a Vitória [Espírito Santo, Brazil] :
|b Brazilian Business Review
|
| 310 |
|
|
|a Bimonthly,
|b 2014
|
| 321 |
|
|
|a Semiannual,
|b 2004-2006
|
| 321 |
|
|
|a Three times per year,
|b 2007-2010
|
| 321 |
|
|
|a Quarterly,
|b 2011-2013
|
| 362 |
1 |
|
|a Began with vol. 1, No. 1 (2004).
|
| 506 |
|
|
|a License restrictions may limit access.
|
| 588 |
|
|
|a Description based on: Vol. 1, No. 1 (2004); title from PDF of page [1] (publisher's Web site, viewed September 19, 2014).
|
| 588 |
|
|
|a Latest issue consulted: V.11, n.4 (Jul-Ago. 2014) (publisher's Web site, viewed September 19, 2014).
|
| 650 |
|
0 |
|a Business
|v Periodicals.
|
| 650 |
|
7 |
|a Business.
|2 fast
|0 (OCoLC)fst00842262
|
| 650 |
|
7 |
|a Commerce.
|2 fast
|0 (OCoLC)fst00869279
|
| 650 |
|
7 |
|a Economic history.
|2 fast
|0 (OCoLC)fst00901974
|
| 651 |
|
0 |
|a Brazil
|x Commerce
|v Periodicals.
|
| 651 |
|
0 |
|a Brazil
|x Economic conditions
|v Periodicals.
|
| 651 |
|
7 |
|a Brazil.
|2 fast
|0 (OCoLC)fst01206830
|
| 655 |
|
0 |
|a Electronic journals.
|
| 775 |
0 |
8 |
|i English edition:
|t Brazilian business review (English edition)
|x 1808-2386
|w (DLC) 2014267037
|w (OCoLC)240907772
|
| 856 |
4 |
0 |
|z Full text available from Research Library: 01/01/2013 to present
|u https://search.proquest.com/publication/2032630
|